000 02690nam a2200457 a 4500
003 CHAP
005 20230317190042.0
007 ta
008 230316s2013 mx adbof |||| 001 0 spa d
020 _a978-607-715-104-3
040 _erda
_amxchpua
_cCHAP
050 1 0 _aTP339
_b.E54 2013
082 0 0 _a621.3121
_bE54 2013
_220
245 1 0 _aEnergía alterna y biocombustibles :
_binnovación e investigación para un desarrollo sustentable /
_ceditores Arturo Pérez Vázquez y Eliseo García Pérez
250 _a1a edición
264 _aMéxico :
_bColegio de Postgraduados,
_c2013
300 _avi, 208 paginas :
_bilustraciones, gráficas, mapas, fotografías
336 _2rdacontent
_atexto
_btxt
337 _2rdamedia
_asin medio
_bn
338 _2rdacarrier
_avolumen
_bnc
490 1 _aBiblioteca Básica de Agricultura (Colegio de Postgraduados)
_v41
504 _aIncluye bibliografía
505 0 _aExperiencias exitosas -- – Energías alternas -- – Germoplasma y mejoramiento genético -- – Industrialización y comercialización -- – Manejo agronómico -- – Aspectos socioeconómicos y ambientales
520 2 _aLos biocombustibles son un tema sin duda polémico, con relevancia actual y futura. En esta obra se incluyen 19 contribuciones de diferentes autores, presentadas en el Congreso Internacional sobre Biocombustibles y Energías Alternas, que se realizó en el World Trade Center de la ciudad de Boca del Río, Ver., México, en octubre de 2011. Aquí se presentan avances científicos importantes sobre fuentes de energía alterna y biocombustibles, por expertos de diversos países (Brasil, Alemania, Colombia, Argentina y México). Los estudiosos de estos temas podrán documentar aquí sus inquietudes sobre estos tópicos, así como encontrar resultados tangibles, cuya aplicación puede contribuir a mitigar los efectos de la crisis energética mundial y a paliar los efectos del cambio climático, acentuado por la quema de combustibles fósiles.
650 1 3 _936881
_aEnergía
650 1 3 _9186444
_aFuentes de energía renovable
650 1 3 _9186446
_aIndustria bioenergética
650 1 3 _912731
_aBioenergía
650 1 3 _912825
_aBiomasa
650 1 3 _9151002
_aBiocombustibles
650 1 3 _9150147
_aEnergy
650 1 3 _9186445
_aRenewable energy sources
650 1 3 _9186447
_aBioenergy industry
650 1 3 _9186448
_aBioenergy
650 1 3 _9148614
_aBiomass
650 1 0 _9151003
_aBiofuels
700 1 _990099
_aPérez Vázquez, Arturo
_eeditor
700 1 _946448
_aGarcía Pérez, Eliseo
_eeditor
830 0 _9186443
_aBiblioteca Básica de Agricultura (Colegio de Postgraduados)
_n41
942 _2ddc
_cLibro
999 _c218556
_d218556